[Event "Champions Showdown Kings Blitz 2019-D"]
[Site "Saint Louis"]
[Date "2019.02.22"]
[Round "1"]
[White "Topalov, Veselin"]
[Black "Dominguez Perez, Leinier"]
[Result "1-0"]
[WhiteElo "2740"]
[BlackElo "2739"]
[Annotator "TA"]
[PlyCount "99"]
[EventDate "2019.02.09"]
[EventType "match"]
[EventCountry "USA"]
[SourceTitle "playchess.com"]
[Source "ChessBase"]
[SourceQuality "1"]

{[%evp 29,99,0,14,0,50,0,0,0,0,0,8,0,0,0,0,0,0,0,0,8,7,6,11,0,0,0,0,-3,-9,-11,122,129,103,101,107,112,129,70,108,65,152,146,191,196,195,181,183,186,219,212,284,291,279,253,502,501,763,760,966,1107,1043,1003,973,712,1793,1640,2532,2077,12840,29951,5065,2148]} 1. d4 Nf6 2. c4 e6 3. Nc3 d5 4. Bg5 Be7 5. e3 h6 6. Bxf6 Bxf6 7. Nf3 O-O 8. Rc1 c6 9. Bd3 Nd7 10. O-O dxc4 11. Bxc4 e5 12. Bb3 exd4 13. exd4 Nb6 14. h3 Bf5 15. Re1 Re8 16. Qd2 {D55: Queen's Gambit Declined: 4 Bg5 Be7: Lines without ...h6 and 6...h6 7 Bxf6} (16. g4 Bg6 17. Rxe8+ Qxe8 18. Qd2 Qd7 19. Qf4 Re8 20. Rd1 Qc8 21. Ne5 Bxe5 22. dxe5 Rd8 23. Rd4 Qc7 {1-0 (43) Radjabov,T (2751)-Sargissian,G (2691) Batumi 2018}) 16... a5 17. a3 Qd6 18. Re3 {The position is equal.} Rxe3 19. Qxe3 Rd8 $146 ({Predecessor:} 19... Nd5 20. Nxd5 cxd5 21. Rc5 Be4 22. Nd2 a4 23. Ba2 Qb6 24. Qc3 Rd8 {1-0 (45) Murtazin,B (2425)-Proleiko,J (2226) Moscow 2017}) 20. Re1 Nd5 21. Bxd5 cxd5 22. Ne5 Be6 23. Qd3 Qb6 24. Na4 $36 {[%cal Bc3a4,Ba4c5,Bc5d3,Bd3f4,Bf4d5][%mdl 2080] Black is under pressure.} Qd6 25. Nc5 Bc8 26. Qb5 Qc7 27. Ncd3 Bf5 28. Nf4 Be4 29. f3 Bxe5 (29... Bh4 $11 30. Rf1 (30. fxe4 Bxe1 31. Nxd5 Qc1 $17) 30... Bh7) 30. dxe5 $16 Bf5 31. Nxd5 Qd7 32. Qxd7 Rxd7 {[%mdl 4096] Endgame KRB-KRN} 33. Nc3 (33. Ne3 $16 Be6 34. Rd1) 33... Kf8 34. Kf2 g5 (34... Rd2+ $14 35. Re2 Rd3) 35. Rd1 Rc7 36. Rd5 b6 37. Ke3 Be6 {[#] Threatens to win with ...Rxc3+!} 38. Rd6 Rb7 39. Kd4 Ke7 40. b4 axb4 41. axb4 f6 $2 {[#]} (41... b5 {is a better defense.} 42. Nd5+ Bxd5) 42. Nd5+ $18 Bxd5 (42... Kf7 $142 43. Nxf6 b5) 43. Kxd5 fxe5 44. Rxh6 {KR-KR} Rd7+ 45. Kxe5 Rd2 46. g4 Rf2 47. Kf5 Rxf3+ 48. Kxg5 Rb3 49. Rxb6 Rxh3 50. Kg6 {Accuracy: White = 62%, Black = 44%.} 1-0

[Event "Champions Showdown Kings Blitz 2019-D"]
[Site "Saint Louis"]
[Date "2019.02.22"]
[Round "2"]
[White "Dominguez Perez, Leinier"]
[Black "Topalov, Veselin"]
[Result "1/2-1/2"]
[WhiteElo "2739"]
[BlackElo "2740"]
[Annotator "ChessBase"]
[PlyCount "114"]
[EventDate "2019.02.09"]
[EventType "match"]
[EventCountry "USA"]
[SourceTitle "playchess.com"]
[Source "ChessBase"]
[SourceQuality "1"]
[TimeControl "900+10"]

1. e4 {[%emt 0:12:10]} e5 {[%emt 0:12:07]} 2. Nf3 {[%emt 0:00:09]} Nc6 {[%emt 0:00:09]} 3. Bc4 {[%emt 0:00:09]} Bc5 {[%emt 0:00:10]} 4. c3 {[%emt 0:00:09]} Nf6 {[%emt 0:00:09]} 5. d3 {[%emt 0:00:09]} d6 {[%emt 0:00:11]} 6. Nbd2 {[%emt 0:00:09]} a6 {[%emt 0:00:11]} 7. Bb3 {[%emt 0:00:08]} O-O {[%emt 0:00:13]} 8. Nf1 {[%emt 0:00:09]} d5 {[%emt 0:00:14]} 9. exd5 {[%emt 0:00:10]} Nxd5 {[%emt 0:00:10]} 10. Ng3 {[%emt 0:00:09]} f6 {[%emt 0:00:32]} 11. O-O {[%emt 0:00:25]} Be6 {[%emt 0:00:10]} 12. Be3 {[%emt 0:00:17]} Bxe3 {[%emt 0:00:17]} 13. fxe3 {[%emt 0:00:09]} Qd7 {[%emt 0:00:09]} 14. Qe2 {[%emt 0:00:31]} Rad8 {[%emt 0:00:14]} 15. Rad1 {[%emt 0:00:09]} Rfe8 {[%emt 0:00:17]} 16. Kh1 {[%emt 0:00:16]} Qe7 {[%emt 0:00:09]} 17. Nh4 {[%emt 0:00:17]} g6 {[%emt 0:00:14]} 18. Nf3 {[%emt 0:00:19]} Kg7 {[%emt 0:00:13]} 19. Qf2 {[%emt 0:00:14]} Rf8 {[%emt 0:00:38]} 20. d4 {[%emt 0:00:13]} exd4 {[%emt 0:00:18]} 21. exd4 {[%emt 0:00:09]} Na5 {[%emt 0:00:17]} 22. Bc2 {[%emt 0:00:11]} Nc4 {[%emt 0:00:11]} 23. Rde1 {[%emt 0:00:19]} Qd7 {[%emt 0:00:18]} 24. Bd3 {[%emt 0:00:13]} Nd6 {[%emt 0:00:16]} 25. Qd2 {[%emt 0:00:13]} b5 {[%emt 0:00:18]} 26. b3 {[%emt 0:00:26]} Nb6 {[%emt 0:00:09]} 27. Re2 {[%emt 0:00:22]} Rde8 {[%emt 0:00:11]} 28. Ref2 {[%emt 0:00:08]} Bd5 {[%emt 0:00:15]} 29. h3 {[%emt 0:00:36]} a5 {[%emt 0:00:12]} 30. Kh2 {[%emt 0:00:12]} a4 {[%emt 0:00:09]} 31. Bc2 {[%emt 0:00:12]} axb3 {[%emt 0:00:09]} 32. axb3 {[%emt 0:00:08]} Ne4 {[%emt 0:00:18]} 33. Nxe4 {[%emt 0:00:25]} Bxe4 {[%emt 0:00:09]} 34. Bxe4 {[%emt 0:00:10]} Rxe4 {[%emt 0:00:09]} 35. Ne5 {[%emt 0:00:10]} Qd6 {[%emt 0:00:25]} 36. Kh1 {[%emt 0:00:08]} Nd5 {[%emt 0:00:15]} 37. Ng4 {[%emt 0:00:12]} f5 {[%emt 0:00:09]} 38. Ne5 {[%emt 0:00:20]} b4 {[%emt 0:00:09]} 39. cxb4 {[%emt 0:00:11]} Qxb4 {[%emt 0:00:09]} 40. Qg5 {[%emt 0:00:28]} Qxd4 {[%emt 0:00:12]} 41. Ng4 {[%emt 0:00:10]} Ne3 {[%emt 0:00:31]} 42. Nxe3 {[%emt 0:00:12]} Qxe3 {[%emt 0:00:09]} 43. Qxe3 {[%emt 0:00:11]} Rxe3 {[%emt 0:00:09]} 44. Rc2 {[%emt 0:00:09]} Rf7 {[%emt 0:00:09]} 45. Rfc1 {[%emt 0:00:08]} Rxb3 {[%emt 0:00:09]} 46. Rxc7 {[%emt 0:00:09]} Rxc7 {[%emt 0:00:09]} 47. Rxc7+ {[%emt 0:00:09]} Kh6 {[%emt 0:00:09]} 48. Kh2 {[%emt 0:00:11]} f4 {[%emt 0:00:09]} 49. Rc5 {[%emt 0:00:10]} g5 {[%emt 0:00:11]} 50. Rc7 {[%emt 0:00:10]} Kg6 {[%emt 0:00:09]} 51. Kg1 {[%emt 0:00:10]} h6 {[%emt 0:00:09]} 52. Rc6+ {[%emt 0:00:09]} Kh5 {[%emt 0:00:09]} 53. Kf2 {[%emt 0:00:09]} Ra3 {[%emt 0:00:11]} 54. Rd6 {[%emt 0:00:08]} Ra2+ {[%emt 0:00:15]} 55. Kf3 {[%emt 0:00:09]} Ra1 {[%emt 0:00:11]} 56. Kf2 {[%emt 0:00:10]} Ra3 {[%emt 0:00:09]} 57. Rc6 {[%emt 0:00:09]} Rb3 {[%emt 0:00:09]} 1/2-1/2

[Event "Champions Showdown Kings Blitz 2019-D"]
[Site "Saint Louis"]
[Date "2019.02.22"]
[Round "3"]
[White "Topalov, Veselin"]
[Black "Dominguez Perez, Leinier"]
[Result "1/2-1/2"]
[WhiteElo "2740"]
[BlackElo "2739"]
[Annotator "TA"]
[PlyCount "56"]
[EventDate "2019.02.09"]
[EventType "match"]
[EventCountry "USA"]
[SourceTitle "playchess.com"]
[Source "ChessBase"]
[SourceQuality "1"]

{[%evp 26,56,0,10,21,21,32,16,18,6,35,26,26,17,24,15,22,25,15,13,39,0,0,0,0,0,0,0,0,0,0,0,11]} 1. d4 Nf6 2. c4 e6 3. Nc3 Bb4 4. Qc2 O-O 5. Nf3 c5 6. dxc5 Na6 {[%cal Bb8a6,Ba6c5,Bc5e4][%mdl 32]} 7. g3 Nxc5 8. Bg2 Nce4 9. O-O Nxc3 10. bxc3 Be7 11. e4 d6 12. e5 dxe5 13. Nxe5 Qc7 14. Qe2 Nd7 {E39: Nimzo-Indian: Classical: 4...c5 5 dxc5 0-0} 15. Bf4 {Black must now prevent Ng6!} Nxe5 16. Bxe5 Bd6 17. Rfe1 Rb8 18. Bxd6 Qxd6 19. Rad1 Qc5 20. Qe5 Qxe5 21. Rxe5 b6 22. c5 Ba6 {[#]} 23. h4 $146 ({Predecessor:} 23. c6) 23... Rfd8 {The position is equal.} 24. Rb1 Bc4 25. cxb6 Rxb6 26. Rb4 Bxa2 27. Ra5 Bd5 28. Bxd5 {[#] Hoping for Bb7.} exd5 1/2-1/2

[Event "Champions Showdown Kings Blitz 2019-D"]
[Site "Saint Louis"]
[Date "2019.02.22"]
[Round "4"]
[White "Dominguez Perez, Leinier"]
[Black "Topalov, Veselin"]
[Result "0-1"]
[WhiteElo "2739"]
[BlackElo "2740"]
[Annotator "TA"]
[PlyCount "80"]
[EventDate "2019.02.09"]
[EventType "match"]
[EventCountry "USA"]
[SourceTitle "playchess.com"]
[Source "ChessBase"]
[SourceQuality "1"]

{[%evp 16,80,18,10,19,23,18,12,13,19,8,8,20,13,12,19,34,21,11,0,0,-12,0,-43,-25,-63,-17,-72,-87,-149,-154,-235,-226,-230,-227,-301,-300,-350,-325,-370,-348,-593,-570,-585,-578,-537,-407,-677,-669,-909,-387,-387,-393,-360,-204,-383,-422,-471,-412,-503,-284,-258,-218,-203,-211,-237,-224]} 1. e4 e5 2. Nf3 Nc6 3. Bc4 Bc5 4. c3 Nf6 5. d3 a6 6. Nbd2 O-O 7. O-O d6 8. Bb3 h6 9. Re1 Re8 {C54: Giuoco Piano: 4 c3 Nf6, main lines with 5 d4 and 5 d3} 10. Nf1 Ba7 11. Ng3 Be6 {The position is equal.} 12. Bc2 d5 13. exd5 Bxd5 14. h3 Qd7 (14... Bc5 15. b4 Bf8 16. a4 b5 17. Bd2 Qd7 18. axb5 axb5 19. Rxa8 Rxa8 20. Nxe5 Nxe5 21. Rxe5 {1-0 (59) Amin,B (2710)-Fedoseev,V (2719) St Petersburg 2018}) 15. Nh4 Bc5 16. Nhf5 Bf8 17. Be3 $146 ({Predecessor:} 17. a3 Rad8 18. b4 b5 19. a4 Kh8 20. f4 exf4 21. Bxf4 {0-1 (44) Odeev,H (2408)-Khusenkhojaev,M (2455) Ashkhabad 2017}) 17... Rad8 18. Qd2 Be6 $36 {[%mdl 2048] Black is more active.} 19. Nxh6+ gxh6 20. Bxh6 Nh7 $1 {next ...f5 is good for Black.} 21. d4 (21. Bxf8 $1 $11 {remains equal.} Rxf8 22. Qh6) 21... f5 $17 {White must now prevent ...f4.} (21... exd4 22. Bxf8 Rxf8 23. Qh6 $16) 22. Rad1 (22. Bxf8 $142 Rxf8 23. Qh6) 22... f4 (22... exd4 $6 23. Bxf8 Nxf8 24. Nh5 $11) 23. Bxf8 (23. Bxf4 $17 {might work better.} exf4 24. Qxf4) 23... Rxf8 $19 ({Don't do} 23... Nxf8 24. Nh5 $17) 24. Ne4 Qg7 {[%cal Re5d4]} 25. Kh2 exd4 ({Not} 25... Bxa2 26. b3 $17) 26. Nc5 Bd5 {[%csl Gd5][%cal Rg7g2]} ({Don't play} 26... Bxa2 27. Be4 $19) 27. Be4 {Now Bxd5+ and White clings on.} Bxe4 28. Rxe4 $2 (28. Nxe4 {was forced.} Rf5 29. b4) 28... dxc3 {[%mdl 64] [#] Pin} 29. Qc2 Rxd1 30. Qxd1 cxb2 31. Ne6 (31. Qb3+ $142 Rf7 32. Nd3) 31... Qg6 32. f3 Ng5 (32... Nf6 $142 33. Nxf4 Qh6) 33. Nxg5 Qxg5 34. Qb3+ Rf7 (34... Kh7 $142 35. Qc2 Kh6 36. Qxb2 Rd8) 35. Qxb2 $2 {[#]} (35. Re8+ Kg7 36. Qxb2+ Qf6 37. Qxb7) 35... Rg7 36. Re2 b6 37. Qc2 Ne7 38. Qxc7 Nf5 39. Qxb6 Ne3 40. Qe6+ Kh7 {Accuracy: White = 28%, Black = 82%.} 0-1

[Event "Champions Showdown Kings Blitz 2019-D"]
[Site "Saint Louis"]
[Date "2019.02.22"]
[Round "5"]
[White "Topalov, Veselin"]
[Black "Dominguez Perez, Leinier"]
[Result "0-1"]
[WhiteElo "2740"]
[BlackElo "2739"]
[Annotator "TA"]
[PlyCount "64"]
[EventDate "2019.02.09"]
[EventType "match"]
[EventCountry "USA"]
[SourceTitle "playchess.com"]
[Source "ChessBase"]
[SourceQuality "1"]

{[%evp 19,64,23,36,22,31,22,13,0,0,0,0,-23,-20,-33,-21,-29,-37,-33,28,-50,-62,-82,-74,-247,-247,-247,-247,-247,-247,-475,-203,-193,-201,-347,-341,-343,-194,-181,-160,-184,-170,-160,-189,-186,-185,-1235,-992]} 1. d4 d5 2. c4 dxc4 3. e3 Nf6 4. Bxc4 e6 5. Nf3 c5 6. O-O Nc6 7. Qe2 a6 8. Rd1 b5 9. dxc5 Qc7 10. Bd3 Nb4 11. a4 {D28: Queen's Gambit Accepted: Classical main line: 7 Qe2 with early ...Nc6} bxa4 12. Nc3 Bxc5 (12... Nxd3 13. Rxd3 Bd7 14. Qc2 Qxc5 15. Rxa4 Be7 16. e4 O-O 17. Be3 Bxa4 18. Qxa4 Qb4 {0-1 (35) Sokolov,I (2589)-Van Foreest,J (2629) Amstelveen 2017}) 13. Nxa4 {[#] The position is equal.} Be7 $146 ({Predecessor:} 13... Nxd3 14. Rxd3 Be7 15. Rc3 Qa5 16. Bd2 Qb5 17. Rc4 e5 18. Nc3 Qb8 19. e4 {½-½ (35) Schepers,H (2395)-Raedeker,B (2527) ICCF corr 1999}) 14. Bb1 O-O 15. e4 Bb7 16. Bg5 Rfd8 17. Rc1 Qa5 18. e5 {[#] Strongly threatening Nc5.} Qb5 ({Better is} 18... Bxf3 $15 19. gxf3 Rac8) 19. Qe1 ({White should try} 19. Qe3 $1 $11 Nfd5 20. Nc3 Nxe3 21. Nxb5 axb5 22. Rxa8 Rxa8 23. Bxe7) 19... Bxf3 $1 $15 20. gxf3 {Hoping for Nc3.} Nfd5 $36 {[%mdl 2048] Keeping White busy.} 21. Nc3 $2 (21. Bxe7 $17 Nxe7 22. Nc3) 21... Nxc3 $19 22. Bxe7 Ne2+ {[%mdl 64] [#] Double Attack} 23. Kg2 Nxc1 24. Bxd8 $2 (24. Qxb4 Qxb4 25. Bxb4) 24... Rxd8 (24... Ncd3 $142 25. Bxd3 Nxd3) 25. Qxc1 Qxe5 26. Ra3 (26. Qc4 $142 Qd6 27. Be4) 26... Nd5 {aiming for ...Nf4+.} 27. Ra4 g6 (27... g5 $142 {And now ...Nf4+ would win.} 28. Rg4 h6) 28. Ba2 Ne7 29. Rxa6 Rb8 30. Qc3 Qg5+ 31. Kf1 Rc8 32. Qe3 $2 (32. Ra5 Qf4 33. Rc5) 32... Qb5+ {Accuracy: White = 31%, Black = 70%.} 0-1

[Event "Champions Showdown Kings Blitz 2019-D"]
[Site "Saint Louis"]
[Date "2019.02.22"]
[Round "6"]
[White "Dominguez Perez, Leinier"]
[Black "Topalov, Veselin"]
[Result "1/2-1/2"]
[WhiteElo "2739"]
[BlackElo "2740"]
[Annotator "TA"]
[PlyCount "71"]
[EventDate "2019.02.09"]
[EventType "match"]
[EventCountry "USA"]
[SourceTitle "playchess.com"]
[Source "ChessBase"]
[SourceQuality "1"]

{[%evp 19,71,0,0,0,0,0,0,0,0,0,0,-8,0,0,0,0,0,0,0,0,0,0,0,0,0,0,0,0,0,0,0,0,0,0,0,0,0,0,0,0,0,0,0,0,0,0,0,0,0,0,0,0,0,0]} 1. d4 Nf6 2. Nf3 e6 3. e3 d5 4. Bd3 Be7 5. O-O b6 6. b3 Bb7 7. c4 Nbd7 8. cxd5 Nxd5 9. Bb2 O-O 10. Nc3 Nxc3 {The position is equal.} 11. Bxc3 {D37: Queen's Gambit Declined: 5 Bf4} c5 12. Qe2 (12. Rc1 Rc8 13. Qe2 Bf6 14. Rfd1 Bxf3 15. Qxf3 cxd4 16. exd4 {½-½ (51) Savon,V (2429)-Shalimov,V (2406) Kharkov 2000}) 12... cxd4 13. Bxd4 Nc5 14. Bxc5 Bxc5 15. Rfd1 {[#] Hoping for Bxh7+!} (15. Ba6 {is interesting.} Be4 16. Rad1 Qe7 17. Bd3 Bd5 18. Bc4) 15... Qe7 $146 ({Predecessor:} 15... Qf6 16. Ba6 Be4 17. Bd3 Bc6 18. Rac1 Rad8 19. Nd2 Ba8 20. Ne4 Qg6 21. Ng3 Qf6 22. Ne4 Qg6 {½-½ (22) Denoth,M (2240)-Ernst,R (2235) Switzerland 1996}) 16. Ba6 Bxf3 17. Qxf3 Rad8 18. g3 g6 19. Kg2 Rxd1 20. Rxd1 Rd8 21. Rxd8+ Qxd8 22. Bc4 Kg7 23. h4 h5 24. Qb7 Qe7 25. Qc6 Qd6 26. Qb7 Qe7 27. Qe4 a5 28. a4 Qf6 29. Bb5 Qb2 30. Bc4 Qf6 31. Bb5 Qb2 32. Qd3 Bb4 33. Bc4 Be1 34. Qf1 Bb4 35. Qd1 Qd2 36. Qxd2 {Accuracy: White = 76%, Black = 88%.} 1/2-1/2

[Event "Champions Showdown Kings Blitz 2019-D"]
[Site "Saint Louis"]
[Date "2019.02.22"]
[Round "7"]
[White "Topalov, Veselin"]
[Black "Dominguez Perez, Leinier"]
[Result "1/2-1/2"]
[WhiteElo "2740"]
[BlackElo "2739"]
[Annotator "TA"]
[PlyCount "55"]
[EventDate "2019.02.09"]
[EventType "match"]
[EventCountry "USA"]
[SourceTitle "playchess.com"]
[Source "ChessBase"]
[SourceQuality "1"]

{[%evp 9,55,10,10,10,12,0,3,2,27,12,15,12,45,6,39,-80,-84,-73,155,165,278,272,310,325,325,114,139,14,21,16,17,22,121,111,104,107,281,0,0,0,120,124,389,0,0,0,380,0]} 1. c4 e5 2. d3 Bb4+ 3. Nd2 Nf6 4. Ngf3 Nc6 5. a3 Bxd2+ 6. Bxd2 {A20: English Opening: 1...e5} e4 $146 ({Predecessor:} 6... d5 7. cxd5 Qxd5 8. e4 Qd6 9. h3 O-O 10. Rc1 a5 {0-1 (43) Topalov,V (2761)-Anand,V (2770) Leuven 2016}) 7. dxe4 Nxe4 8. e3 {The position is equal.} O-O 9. Qc2 Re8 10. Bd3 d5 11. Rd1 (11. O-O-O $5 {[%cal Rd2e1]}) 11... Bg4 12. Bc3 (12. Bc1 $14 {stays ahead.} Ng5 13. Be2 Bxf3 14. gxf3) 12... Bxf3 $17 13. gxf3 Ng5 $2 (13... Nxc3 $17 {keeps the pressure on.} 14. Bxh7+ Kh8 15. bxc3 (15. Qxc3 $2 Kxh7 16. Rxd5 Qe7 $17) 15... Qh4 16. cxd5 Rxe3+ 17. Kf1 Qh3+ 18. Kg1 Rxf3 19. dxc6 Rf4) 14. cxd5 $16 Nxf3+ (14... Ne5 $142) 15. Kf1 $18 Nce5 16. Bxh7+ Kh8 {[#]} 17. Be4 $2 (17. h4 $1 $18 {[%mdl 512] is the precise move to win.}) 17... Qh4 $16 18. Bxf3 (18. Bxe5 $16 Qh3+ 19. Ke2 Nxe5 20. Kd2) 18... Nxf3 $11 19. Qf5 {[%mdl 64] Double Attack} Qc4+ 20. Qd3 Qg4 (20... Qh4 $1 $11 {keeps the balance.}) 21. h3 $16 Qh5 22. Qc4 Nh2+ $2 {[#]} (22... Ne5 $16 23. Qe2 Qh7) 23. Ke1 $2 (23. Kg2 $1 $18 {[%cal Rg2h2]} Qf3+ 24. Kg1 Qxd1+ 25. Kxh2) 23... Nf3+ $11 24. Kf1 {Threatens to win with Qg4.} Ne5 (24... Nh2+ $1 $11 {remains equal.} 25. Kg2 (25. Ke1 Nf3+ 26. Kf1 $16) 25... Qf3+ 26. Kg1 Qxd1+ 27. Kxh2 {[%mdl 64] Discovered Attack} Qh5) 25. Qe2 $40 {[%mdl 128] White has strong attack.} Nf3 $2 {[%mdl 8192]} (25... Qh6 $16 {might work better.} 26. h4 Rad8) 26. Qc4 $2 ({White has to play} 26. e4 $18) 26... Ne5 $11 27. Qe2 $2 {[%mdl 8192]} (27. Bxe5 $11 Qxd1+ 28. Kg2) 27... Nf3 $18 28. Qc4 $2 {Accuracy: White = 25%, Black = 30%.} (28. e4 $18) 1/2-1/2

[Event "Champions Showdown Kings Blitz 2019-D"]
[Site "Saint Louis"]
[Date "2019.02.22"]
[Round "8"]
[White "Dominguez Perez, Leinier"]
[Black "Topalov, Veselin"]
[Result "1/2-1/2"]
[WhiteElo "2739"]
[BlackElo "2740"]
[Annotator "ChessBase"]
[PlyCount "141"]
[EventDate "2019.02.09"]
[EventType "match"]
[EventCountry "USA"]
[SourceTitle "playchess.com"]
[Source "ChessBase"]
[SourceQuality "1"]
[TimeControl "900+10"]

1. e4 {[%emt 0:12:07]} e5 {[%emt 0:12:07]} 2. Nf3 {[%emt 0:00:09]} Nc6 {[%emt 0:00:09]} 3. Bc4 {[%emt 0:00:09]} Bc5 {[%emt 0:00:09]} 4. c3 {[%emt 0:00:09]} Nf6 {[%emt 0:00:10]} 5. d3 {[%emt 0:00:09]} a6 {[%emt 0:00:09]} 6. Bb3 {[%emt 0:00:11]} O-O {[%emt 0:00:14]} 7. O-O {[%emt 0:00:15]} d6 {[%emt 0:00:10]} 8. Nbd2 {[%emt 0:00:15]} Re8 {[%emt 0:00:11]} 9. h3 {[%emt 0:00:13]} Be6 {[%emt 0:00:11]} 10. Bc2 {[%emt 0:00:09]} h6 {[%emt 0:00:16]} 11. Re1 {[%emt 0:00:09]} d5 {[%emt 0:00:20]} 12. exd5 {[%emt 0:00:10]} Bxd5 {[%emt 0:00:08]} 13. Nh2 {[%emt 0:00:08]} Qd7 {[%emt 0:00:13]} 14. Ne4 {[%emt 0:00:13]} Nxe4 {[%emt 0:00:10]} 15. dxe4 {[%emt 0:00:09]} Be6 {[%emt 0:00:09]} 16. Qf3 {[%emt 0:00:10]} Ne7 {[%emt 0:00:52]} 17. Ng4 {[%emt 0:00:09]} Ng6 {[%emt 0:00:09]} 18. Ne3 {[%emt 0:00:09]} Rad8 {[%emt 0:00:25]} 19. Nf5 {[%emt 0:00:21]} Nf4 {[%emt 0:00:16]} 20. Bxf4 {[%emt 0:00:17]} exf4 {[%emt 0:00:16]} 21. Rad1 {[%emt 0:00:09]} Qc6 {[%emt 0:00:09]} 22. Qxf4 {[%emt 0:00:24]} Qb6 {[%emt 0:00:29]} 23. b4 {[%emt 0:00:33]} Bf8 {[%emt 0:00:10]} 24. e5 {[%emt 0:00:09]} Bxa2 {[%emt 0:00:46]} 25. Rxd8 {[%emt 0:00:50]} Rxd8 {[%emt 0:00:08]} 26. Re3 {[%emt 0:00:09]} Kh8 {[%emt 0:00:22]} 27. Nd4 {[%emt 0:00:37]} c5 {[%emt 0:00:13]} 28. bxc5 {[%emt 0:00:15]} Bxc5 {[%emt 0:00:09]} 29. e6 {[%emt 0:00:19]} Bxd4 {[%emt 0:00:11]} 30. exf7 {[%emt 0:00:15]} Bxf7 {[%emt 0:00:13]} 31. cxd4 {[%emt 0:00:10]} Bg8 {[%emt 0:00:13]} 32. Re7 {[%emt 0:00:27]} Qd6 {[%emt 0:00:14]} 33. Qxd6 Rxd6 {[%emt 0:00:09]} 34. Rxb7 {[%emt 0:00:27]} g5 {[%emt 0:00:12]} 35. Rb4 {[%emt 0:00:13]} Kg7 {[%emt 0:00:10]} 36. Kf1 {[%emt 0:00:13]} Bd5 {[%emt 0:00:11]} 37. f3 {[%emt 0:00:12]} Bc6 {[%emt 0:00:10]} 38. Kf2 Bb5 39. Ke3 {[%emt 0:00:21]} Re6+ {[%emt 0:00:18]} 40. Be4 {[%emt 0:00:08]} Kf6 {[%emt 0:00:09]} 41. d5 {[%emt 0:00:09]} Rb6 {[%emt 0:00:10]} 42. Rb2 {[%emt 0:00:12]} Ke5 {[%emt 0:00:10]} 43. g3 {[%emt 0:00:09]} Rb8 {[%emt 0:00:10]} 44. f4+ {[%emt 0:00:09]} Kd6 {[%emt 0:00:10]} 45. fxg5 {[%emt 0:00:12]} hxg5 {[%emt 0:00:09]} 46. Rf2 {[%emt 0:00:10]} Rc8 {[%emt 0:00:09]} 47. Rf6+ {[%emt 0:00:10]} Kc5 {[%emt 0:00:09]} 48. Rf5 {[%emt 0:00:12]} a5 {[%emt 0:00:10]} 49. d6+ {[%emt 0:00:08]} Kb6 50. Rxg5 {[%emt 0:00:10]} a4 {[%emt 0:00:18]} 51. Bd5 {[%emt 0:00:11]} Rd8 {[%emt 0:00:09]} 52. Kd4 {[%emt 0:00:10]} Rxd6 {[%emt 0:00:09]} 53. Ke5 {[%emt 0:00:10]} Rd8 {[%emt 0:00:09]} 54. Rf5 {[%emt 0:00:11]} Kc5 {[%emt 0:00:09]} 55. Be6 {[%emt 0:00:09]} a3 {[%emt 0:00:10]} 56. Rf3 {[%emt 0:00:11]} Kb4 {[%emt 0:00:12]} 57. Rb3+ {[%emt 0:00:09]} Ka4 {[%emt 0:00:09]} 58. Rb1 {[%emt 0:00:09]} Re8 {[%emt 0:00:09]} 59. Kf6 {[%emt 0:00:10]} Rd8 {[%emt 0:00:11]} 60. g4 {[%emt 0:00:09]} Rd6 {[%emt 0:00:11]} 61. Ke5 {[%emt 0:00:09]} Rd3 {[%emt 0:00:09]} 62. g5 {[%emt 0:00:09]} Re3+ {[%emt 0:00:13]} 63. Kf6 {[%emt 0:00:09]} Rf3+ {[%emt 0:00:11]} 64. Kg7 {[%emt 0:00:11]} Re3 {[%emt 0:00:09]} 65. Bf7 {[%emt 0:00:09]} Rxh3 {[%emt 0:00:10]} 66. g6 {[%emt 0:00:09]} Rg3 {[%emt 0:00:09]} 67. Kf6 {[%emt 0:00:10]} Bd3 {[%emt 0:00:10]} 68. Re1 {[%emt 0:00:09]} a2 {[%emt 0:00:12]} 69. g7 {[%emt 0:00:14]} Bb1 {[%emt 0:00:12]} 70. Bxa2 Bxa2 {[%emt 0:00:09]} 71. Ke5 1/2-1/2

[Event "Champions Showdown Kings Blitz 2019-D"]
[Site "Saint Louis"]
[Date "2019.02.22"]
[Round "9"]
[White "Topalov, Veselin"]
[Black "Dominguez Perez, Leinier"]
[Result "1-0"]
[WhiteElo "2740"]
[BlackElo "2739"]
[Annotator "TA"]
[PlyCount "113"]
[EventDate "2019.02.09"]
[EventType "match"]
[EventCountry "USA"]
[SourceTitle "playchess.com"]
[Source "ChessBase"]
[SourceQuality "1"]

{[%evp 9,113,16,13,4,41,25,10,14,44,40,40,17,26,33,55,56,58,62,58,58,52,43,65,17,34,32,23,45,42,26,25,15,31,33,38,32,41,45,40,40,27,28,52,56,55,58,84,85,87,87,87,87,91,87,89,88,118,79,80,75,78,68,72,75,82,48,69,69,106,69,145,151,200,194,289,220,565,497,741,738,895,739,755,755,673,647,877,806,798,780,778,742,702,616,527,496,818,820,880,832,675,664,29980,29981,29984,29983]} 1. c4 e5 2. a3 Nf6 3. d3 c6 (3... a5 4. Nf3 Nc6 5. b3 d5 6. cxd5 Nxd5 7. Bb2 f6 8. g3 Be6 9. Bg2 Qd7 10. Nbd2 Be7 {½-½ (50) Fedoseev,V (2719)-Jumabayev,R (2602) St Petersburg 2018}) 4. Nf3 Bd6 5. Nc3 O-O $146 ({Predecessor:} 5... Bc7 6. Bg5 d5 7. Bxf6 gxf6 8. cxd5 cxd5 9. e4 Be6 10. Qa4+ Nc6 11. exd5 Bxd5 {1-0 (44) Moussard,J (2442)-Favarel,A (2363) Nancy 2013}) 6. Bg5 {A20: English Opening: 1...e5} h6 7. Bh4 Re8 8. e3 {The position is equal.} Bf8 9. Be2 d6 10. O-O Nbd7 11. d4 Qc7 12. Rc1 a6 13. h3 b6 14. Bg3 Bb7 15. b4 Rad8 16. c5 bxc5 17. bxc5 dxc5 18. dxe5 Nxe5 19. Qc2 Nxf3+ 20. Bxf3 Qa5 21. Qa4 Qxa4 22. Nxa4 Ne4 23. Bxe4 Rxe4 24. Nxc5 Bxc5 25. Rxc5 Ra4 26. Rb1 Rd7 27. Rb3 f6 28. Kh2 Kf7 29. f3 Re7 30. e4 Rd4 31. Bf4 Rd1 32. h4 Ra1 33. Rd3 Ra2 34. h5 Rb2 35. a4 Rb4 36. Ra3 Rb1 37. e5 fxe5 38. Bxe5 Bc8 39. Bd6 Reb7 ({Black should try} 39... Rd7 $14 40. Rd3 Rb4) 40. Rxc6 $16 Bd7 41. Rxa6 R1b2 (41... R7b6 {was worth a try.} 42. Rxb6 Rxb6) 42. Be5 Re2 $2 {[#]} (42... R2b6 43. Ra8 Re6) 43. f4 $18 Rc2 (43... Bf5 $142 44. Rg3 Kg8 45. Rxh6 Re3) 44. Rg3 Ke8 45. Ra8+ Rc8 46. Rxc8+ Bxc8 47. Rxg7 {[%mdl 4096] Endgame KRB-KRB} Rb3 48. Rh7 Rb6 49. Rh8+ Kd7 50. a5 Ra6 51. Bc3 Rc6 52. Bd4 Bb7 (52... Ke7 $142 53. Kg3 Bf5) 53. Rh7+ Kc8 54. Be5 Rc2 55. Rg7 Ra2 56. Rc7+ Kb8 57. Rc2+ {Precision: White = 68%, Black = 30%.} 1-0